Learning Resource and Development

Solid waste disposal practices of stall occupants in the wet market of Buhi, Camarines Sur / (Record no. 28736)

MARC details
000 -LEADER
fixed length control field 03316nam a22003257a 4500
003 - CONTROL NUMBER IDENTIFIER
control field CSPC
005 - DATE AND TIME OF LATEST TRANSACTION
control field 20260420150754.0
007 - PHYSICAL DESCRIPTION FIXED FIELD--GENERAL INFORMATION
fixed length control field ta
008 - FIXED-LENGTH DATA ELEMENTS--GENERAL INFORMATION
fixed length control field 250206s2020 ph a mabs 000 0 eng
040 ## - CATALOGING SOURCE
Transcribing agency CSPC
Original cataloging agency CSPC
Language of cataloging eng
Description conventions rda
090 ## - LOCALLY ASSIGNED LC-TYPE CALL NUMBER (OCLC); LOCAL CALL NUMBER (RLIN)
Classification number (OCLC) (R) ; Classification number, CALL (RLIN) (NR) UTH BSOA G447s 2020
100 1# - MAIN ENTRY--PERSONAL NAME
Personal name Gito, Maecie C.,
Relator term author.
245 10 - TITLE STATEMENT
Title Solid waste disposal practices of stall occupants in the wet market of Buhi, Camarines Sur /
Statement of responsibility, etc. Maecie C. Gito, Sharmaine N. Nieva, and Janeth T. Tucay.
260 ## - PUBLICATION, DISTRIBUTION, ETC.
Place of publication, distribution, etc. Buhi, Camarines Sur :
Name of publisher, distributor, etc. Camarines Sur Polytechnic Colleges,
Date of publication, distribution, etc. 2020.
300 ## - PHYSICAL DESCRIPTION
Extent xx, 76 leaves :
Other physical details illustrations ;
Dimensions 28 cm.
336 ## - CONTENT TYPE
Source rdacontent
Content type term text
337 ## - MEDIA TYPE
Source rdamedia
Media type term unmediated
338 ## - CARRIER TYPE
Source rdacarrier
Carrier type term volume
502 ## - DISSERTATION NOTE
Dissertation note Undergraduate Thesis (BSOA)- Office Administration.
Name of granting institution Camarines Sur Polytechnic Colleges, 2020.
504 ## - BIBLIOGRAPHY, ETC. NOTE
Bibliography, etc. note Includes bibliographical references.
520 3# - SUMMARY, ETC.
Summary, etc. This study aimed to determine the solid waste disposal practices by stall occupants in wet market of Buhi, Camarines Sur (1) The solid waste generated by stall occupants in terms of meat waste, fruits and vegetables, sea foods, foods, and merchandize wastes. (2) Solid waste disposal practices of stall occupants in wet market in Buhi, Camarines Sur in terms of methods waste disposal, place where you disposed your garbage, what are the techniques you implemented and what kind of waste usually encounter. (3) Awareness of the respondents, proper waste disposal practices in terms of Biodegradable and Non-biodegradable. (4) The program of LGU. Major findings includes: (1) five of the 25 percent or 14.29% had declared that their waste consisted of "teeth and balahibo ng baboy at baka", the waste generated in fish or sea foods stall were intestine, scale, jaws, and grills which all of the were five or 100% each, while five or 100% waste that is being generated in vegetables and fruits stalls, majority of the waste generated in food stall compose of five or 50% is plastic bags, and 100% are plastics and boxes waste generated in merchandize stall. (2) The top findings in methods of waste disposal is segregation of biodegradable and non-biodegradable with sixteen responses 64%, place where you dispose your garbage rank 1 is backyard, in the sanitizing area of disposal and majority of the respondents which are ranked 1st or thirteen respondents were covering the area with soil, majority of the techniques implemented is collecting without segregation with 12 respondents or 48% , mostly kind of waste do usually encountered with 10 or 40% is plastics. (3) Awareness of the respondents on proper waste disposal for, a) biodegradable assessed weighted was 1.68 and interpreted as partially aware, (b) non-biodegradable, recyclable and dispose ecologically assessed weighted was also 1.68 as interpreted as partially aware. (4) The program of LGU Buhi assessed weighted was 1.78 interpreted as partially aware.
700 1# - ADDED ENTRY--PERSONAL NAME
Personal name Nieva, Sharmaine N.,
Relator term author.
700 1# - ADDED ENTRY--PERSONAL NAME
Personal name Tucay, Janeth T.,
Relator term author.
720 1# - ADDED ENTRY--UNCONTROLLED NAME
Name Oliva, Jose,
Relator term adviser.
720 1# - ADDED ENTRY--UNCONTROLLED NAME
Name Oliveros, Josefin N.,
Relator term panelist, chair.
720 1# - ADDED ENTRY--UNCONTROLLED NAME
Name Lagatic, Alyssa DL.,
Relator term panelist.
720 1# - ADDED ENTRY--UNCONTROLLED NAME
Name TaƱamor, Ma. Bernadette O.,
Relator term panelist.
942 ## - ADDED ENTRY ELEMENTS (KOHA)
Source of classification or shelving scheme Dewey Decimal Classification
Suppress in OPAC No
Koha item type Unpublished Materials
Call number prefix UTH
Call number suffix 2020
Classification part G447s
Holdings
Withdrawn status Lost status Source of classification or shelving scheme Damaged status Not for loan Home library Current library Shelving location Date acquired Total Checkouts Full call number Barcode Date last seen Copy number Price effective from Koha item type
    Dewey Decimal Classification     Buhi Campus Buhi Campus Undergraduate Thesis Section 09/16/2024   UTH BSOA G447s 2020 00118UM-BUH 02/06/2025 1-1 09/16/2024 Unpublished Materials